000 00269nam a2200109Ia 4500
008 190914s9999||||xx |||||||||||||| ||und||
100 _aProf.M.Saeed Nasir
245 2 _aA Text Book of Economics
260 _aKarachi
_bImtiaz book
_c2000
300 _a1156
942 _cBK
999 _c8910
_d8910